000 00541nam a2200229 a 4500
001 30353
003 AR-BaAGN
005 20231116150737.0
007 ta
008 220625s1998 ag |||||r|||| ||||||spa d
020 _a987-97278-0-0
040 _dAR-BaAGN
_aAR-BaAGN
_bspa
_eaacr
100 1 _aSeleme, José
245 1 0 _aLos pobres
260 _aBuenos Aires :
_bBoulevard,
_c1998.
300 _a254 páginas
336 _2rdacontent
_btxt
337 _2rdamedia
_bn
338 _2rdacarrier
_bnc
942 _cLIBRO
999 _c30353
_d30353